[Event "Stay Safe Play From Home 343"]
[Site "Emanuel Lasker Arena"]
[Date "2020.07.30"]
[Round "3"]
[White "Padmaesh M K"]
[Black "Hickey"]
[Result "0-1"]
[WhiteElo "1829"]
[BlackElo "2003"]
[Annotator "TA"]
[PlyCount "100"]
[EventDate "2020.07.30"]
[EventType "swiss (blitz)"]

{[%evp 22,100,0,0,0,-30,-4,-57,-12,-21,-22,-71,-9,-516,-514,-475,-431,-501,-345,-338,-325,-460,-444,-441,-453,-461,-455,-443,-445,-483,-470,-481,-464,-516,-489,-1062,-557,-1084,-550,-548,-531,-524,-506,-615,-625,-706,-697,-714,-692,-902,-766,-800,-750,-959,-848,-863,-763,-793,-831,-681,-351,-678,-548,-527,-466,-1334,-1186,-1021,-1019,-29982,-29983,-29984,-29982,-29982,-29983,-6813,-6530,-29980,-29981,-29988,-29980]} 1. d4 Nf6 2. c4 e6 3. Nc3 Bb4 4. Nf3 O-O 5. Bg5 h6 6. Bh4 g5 7. Bg3 Ne4 8. Qc2 f5 9. e3 b6 10. Bd3 Bb7 11. O-O Bxc3 12. bxc3 d6 {[#] E13: Queen's Indian/Nimzo-Indian hybrid: 4 Nc3 Bb7 5 Bg5 h6 6 Bh4 Bb4.} 13. Rad1 $146 ({Predecessor:} 13. Nd2 Nxd2 14. Qxd2 Nd7 15. f4 Qe8 16. Rae1 Qg6 17. Qc2 Nf6 18. c5 Ne4 19. Qa4 bxc5 20. Bxe4 Bxe4 21. dxc5 h5 22. fxg5 Qxg5 {0-1 (36) Fluvia Poyatos,J (2455)-Thybo,J (2528) Escaldes 2019}) 13... Nd7 14. Qb3 (14. Nd2 $11) 14... Ndf6 {Black is slightly better.} 15. c5 Qe7 16. Bc4 d5 (16... Nd5 $17) 17. cxb6 $2 {[%mdl 8192] [#] This move loses the game for White.} (17. Bd3 $11) 17... dxc4 $19 18. Qxc4 cxb6 19. Ne5 Bd5 20. Qd3 Rfc8 21. Rc1 (21. c4 $142 Bb7 22. Rc1) 21... Nxg3 22. hxg3 Nd7 23. c4 Nxe5 24. dxe5 Be4 25. Qc3 Rc5 26. f3 Bb7 27. Qd4 Rac8 28. Rc3 (28. Kh2 $142) 28... Ba6 {[#] Threatens to win with ...Rd8.} 29. Rfc1 Qc7 {And now ...Rd8 would win.} 30. Qd6 Qxd6 31. exd6 Rd8 32. Rd3 Bxc4 33. Rd4 Bxa2 34. Rxc5 bxc5 {[%mdl 4096] Endgame KRB-KR} 35. Rd2 Bd5 36. Rc2 Rxd6 37. e4 Rc6 38. exd5 exd5 {KR-KR} 39. Kf2 d4 40. Ke2 a6 41. Kd2 $2 (41. Kd3) 41... Kf7 42. Kd3 Ke6 43. Rc4 (43. Kc4 $142 Kd6 44. Rb2) 43... Kd6 44. Ra4 Kd5 45. Rc4 Rb6 46. Rc2 Rb3+ 47. Kd2 c4 48. Ra2 d3 49. Ra5+ Kd4 50. Rxa6 Rb2+ {Accuracy: White = 25%, Black = 65%.} 0-1

[Event "Stay Safe Play From Home 343"]
[Site "Emanuel Lasker Arena"]
[Date "2020.07.30"]
[Round "3"]
[White "Oznog"]
[Black "Haris kollari 13"]
[Result "1-0"]
[WhiteElo "1755"]
[BlackElo "1672"]
[Annotator "NA"]
[PlyCount "71"]
[EventDate "2020.07.30"]
[EventType "swiss (blitz)"]

1. e4 {[%emt 0:00:01]} e6 {[%emt 0:00:00]} 2. Nf3 {[%emt 0:00:01]} d5 {[%emt 0:00:00]} 3. exd5 {[%emt 0:00:00]} exd5 {[%emt 0:00:01]} 4. d4 {[%emt 0:00:00]} c6 {[%emt 0:00:00]} 5. Bd3 {[%emt 0:00:00]} Bg4 {[%emt 0:00:01]} 6. O-O {[%emt 0:00:00]} Nf6 {[%emt 0:00:00]} 7. Re1+ {[%emt 0:00:01]} Be7 {[%emt 0:00:01]} 8. h3 {[%emt 0:00:00]} Bh5 {[%emt 0:00:01]} 9. Qe2 {[%emt 0:00:01]} Nbd7 {[%emt 0:00:03]} 10. Bg5 {[%emt 0:00:02]} Bg6 {[%emt 0:00:01]} 11. Bxg6 {[%emt 0:00:03]} hxg6 {[%emt 0:00:01]} 12. Nc3 {[%emt 0:00:01]} Nf8 {[%emt 0:00:02]} 13. Rad1 {[%emt 0:00:04]} Ne6 {[%emt 0:00:01]} 14. Bxf6 {[%emt 0:00:01]} Bxf6 {[%emt 0:00:02]} 15. Ne5 {[%emt 0:00:01]} O-O {[%emt 0:00:02]} 16. Qg4 {[%emt 0:00:02]} Qd6 {[%emt 0:00:04]} 17. Nxg6 {[%emt 0:00:02]} Nxd4 {[%emt 0:00:08]} 18. Nxf8 {[%emt 0:00:04]} Nxc2 {[%emt 0:00:03]} 19. Nd7 {[%emt 0:00:08]} Nxe1 {[%emt 0:00:02]} 20. Nxf6+ {[%emt 0:00:01]} Qxf6 {[%emt 0:00:02]} 21. Rxe1 {[%emt 0:00:01]} d4 {[%emt 0:00:01]} 22. Ne4 {[%emt 0:00:01]} Qh6 {[%emt 0:00:02]} 23. Ng5 {[%emt 0:00:03]} Qf6 {[%emt 0:00:04]} 24. h4 {[%emt 0:00:02]} Rd8 {[%emt 0:00:03]} 25. Rd1 {[%emt 0:00:04]} c5 {[%emt 0:00:01]} 26. Qf3 {[%emt 0:00:01]} Qe5 {[%emt 0:00:02]} 27. Ne4 {[%emt 0:00:02]} Re8 {[%emt 0:00:03]} 28. Re1 {[%emt 0:00:01]} f5 {[%emt 0:00:01]} 29. Nf6+ {[%emt 0:00:03]} Qxf6 {[%emt 0:00:03]} 30. Rxe8+ {[%emt 0:00:01]} Kf7 {[%emt 0:00:00]} 31. Re1 {[%emt 0:00:04]} Qa6 {[%emt 0:00:01]} 32. Qd5+ {[%emt 0:00:00]} Kg6 {[%emt 0:00:01]} 33. h5+ {[%emt 0:00:01]} Kg5 {[%emt 0:00:01]} 34. g4 {[%emt 0:00:01]} Kxg4 {[%emt 0:00:01]} 35. Qg2+ {[%emt 0:00:01]} Kxh5 {[%emt 0:00:01]} 36. f3 {[%emt 0:00:00] Time (Lag: Av=0.68s, max=1.0s)} 1-0

[Event "Stay Safe Play From Home 343"]
[Site "Emanuel Lasker Arena"]
[Date "2020.07.30"]
[Round "3"]
[White "Edmatuag"]
[Black "Trotsky"]
[Result "1-0"]
[WhiteElo "1726"]
[BlackElo "1471"]
[Annotator "NA RC"]
[PlyCount "51"]
[EventDate "2020.07.30"]
[EventType "swiss (blitz)"]

1. d3 {[%emt 0:00:02]} d5 {[%emt 0:00:01]} 2. c3 {[%emt 0:00:00]} e6 {[%emt 0:00:00]} 3. Nd2 {[%emt 0:00:01]} c5 {[%emt 0:00:01]} 4. Qc2 {[%emt 0:00:00]} Nc6 {[%emt 0:00:01]} 5. g3 {[%emt 0:00:00]} Bd6 {[%emt 0:00:01]} 6. e4 {[%emt 0:00:01]} Qc7 {[%emt 0:00:00]} 7. Bg2 {[%emt 0:00:02]} Nf6 {[%emt 0:00:01]} 8. Ne2 {[%emt 0:00:00]} Bd7 {[%emt 0:00:01]} 9. f4 {[%emt 0:00:01]} O-O-O {[%emt 0:00:01]} 10. e5 {[%emt 0:00:01]} Nxe5 {[%emt 0:00:01]} 11. fxe5 {[%emt 0:00:00]} Bxe5 {[%emt 0:00:01]} 12. O-O {[%emt 0:00:01]} h5 {[%emt 0:00:01]} 13. Nf3 {[%emt 0:00:01]} Bd6 {[%emt 0:00:01]} 14. Nf4 {[%emt 0:00:01]} Ng4 {[%emt 0:00:02]} 15. Qe2 {[%emt 0:00:07]} e5 {[%emt 0:00:03]} 16. Nh3 {[%emt 0:00:02]} e4 {[%emt 0:00:04]} 17. Nfg5 {[%emt 0:00:04]} Bxg3 {[%emt 0:00:01]} 18. hxg3 {[%emt 0:00:03]} Qxg3 {[%emt 0:00:02]} 19. Nf3 {[%emt 0:00:07]} exf3 {[%emt 0:00:02]} 20. Rxf3 {[%emt 0:00:01]} Qh2+ {[%emt 0:00:02]} 21. Kf1 {[%emt 0:00:01]} d4 {[%emt 0:00:01]} 22. Bf4 {[%emt 0:00:02]} Ne3+ {[%emt 0:00:05]} 23. Qxe3 {[%emt 0:00:01]} Bxh3 {[%emt 0:00:10]} 24. Bxh2 {[%emt 0:00:00]} Rhe8 {[%emt 0:00:04]} 25. Qf4 {[%emt 0:00:01]} Rd7 {[%emt 0:00:03]} 26. Qb8# {[%emt 0:00:02] (Lag: Av=0.40s, max=1.0s)} 1-0

[Event "Stay Safe Play From Home 343"]
[Site "Emanuel Lasker Arena"]
[Date "2020.07.30"]
[Round "3"]
[White "Mamba2001de"]
[Black "Brinki"]
[Result "0-1"]
[WhiteElo "1489"]
[BlackElo "2091"]
[Annotator "NA"]
[PlyCount "78"]
[EventDate "2020.07.30"]
[EventType "swiss (blitz)"]

1. e4 {[%emt 0:00:01]} g6 {[%emt 0:00:01]} 2. Nf3 {[%emt 0:00:01]} Nf6 {[%emt 0:00:00]} 3. d4 {[%emt 0:00:01]} Nxe4 {[%emt 0:00:01]} 4. Be3 {[%emt 0:00:02]} Nf6 {[%emt 0:00:01]} 5. Nc3 {[%emt 0:00:01]} Bg7 {[%emt 0:00:00]} 6. Bd3 {[%emt 0:00:01]} O-O {[%emt 0:00:00]} 7. h3 {[%emt 0:00:01]} d5 {[%emt 0:00:00]} 8. O-O {[%emt 0:00:02]} c5 {[%emt 0:00:00]} 9. Ne5 {[%emt 0:00:01]} Nc6 {[%emt 0:00:00]} 10. Nxc6 {[%emt 0:00:01]} bxc6 {[%emt 0:00:00]} 11. Qf3 {[%emt 0:00:02]} cxd4 {[%emt 0:00:01]} 12. Bxd4 {[%emt 0:00:02]} Re8 {[%emt 0:00:00]} 13. Bxf6 {[%emt 0:00:01]} Bxf6 {[%emt 0:00:00]} 14. Rfe1 {[%emt 0:00:01]} e5 {[%emt 0:00:01]} 15. Qd1 {[%emt 0:00:03]} Bd7 {[%emt 0:00:05]} 16. Bf1 {[%emt 0:00:01]} Rb8 {[%emt 0:00:01]} 17. Rb1 {[%emt 0:00:07]} e4 {[%emt 0:00:01]} 18. f3 {[%emt 0:00:04]} Bxc3 {[%emt 0:00:04]} 19. bxc3 {[%emt 0:00:02]} Rxb1 {[%emt 0:00:01]} 20. Qxb1 {[%emt 0:00:01]} exf3 {[%emt 0:00:00]} 21. Rxe8+ {[%emt 0:00:02]} Qxe8 {[%emt 0:00:00]} 22. gxf3 {[%emt 0:00:01]} Qe3+ {[%emt 0:00:00]} 23. Kg2 {[%emt 0:00:02]} Qxc3 {[%emt 0:00:05]} 24. Qd1 {[%emt 0:00:02]} Bf5 {[%emt 0:00:02]} 25. Qe2 {[%emt 0:00:02]} Qxc2 {[%emt 0:00:01]} 26. Qxc2 {[%emt 0:00:01]} Bxc2 {[%emt 0:00:00]} 27. Ba6 {[%emt 0:00:01]} c5 {[%emt 0:00:01]} 28. a4 {[%emt 0:00:01]} Bxa4 {[%emt 0:00:01]} 29. Kf2 {[%emt 0:00:00]} c4 {[%emt 0:00:01]} 30. Ke2 {[%emt 0:00:01]} Kf8 {[%emt 0:00:01]} 31. Ke3 {[%emt 0:00:02]} Ke7 {[%emt 0:00:00]} 32. Kd4 {[%emt 0:00:01]} Kd6 {[%emt 0:00:00]} 33. f4 {[%emt 0:00:01]} Bd7 {[%emt 0:00:02]} 34. h4 {[%emt 0:00:01]} f6 {[%emt 0:00:01]} 35. Bb7 {[%emt 0:00:01]} Be6 {[%emt 0:00:02]} 36. Ba6 {[%emt 0:00:01]} h6 {[%emt 0:00:01]} 37. Bb5 {[%emt 0:00:02]} g5 {[%emt 0:00:01]} 38. hxg5 {[%emt 0:00:01]} hxg5 {[%emt 0:00:01]} 39. fxg5 {[%emt 0:00:01]} fxg5 {[%emt 0:00:00] Zeit (Lag: Av=0.23s, max=0.3s)} 0-1

[Event "Stay Safe Play From Home 343"]
[Site "Emanuel Lasker Arena"]
[Date "2020.07.30"]
[Round "3"]
[White "Klasman"]
[Black "Justwatch"]
[Result "1-0"]
[WhiteElo "1292"]
[BlackElo "1676"]
[Annotator "NA RC"]
[PlyCount "49"]
[EventDate "2020.07.30"]
[EventType "swiss (blitz)"]

1. f4 {[%emt 0:00:01]} Nf6 {[%emt 0:00:00]} 2. Nf3 {[%emt 0:00:01]} g6 {[%emt 0:00:00]} 3. Nc3 {[%emt 0:00:03]} Bg7 {[%emt 0:00:00]} 4. e4 {[%emt 0:00:01]} O-O {[%emt 0:00:00]} 5. e5 {[%emt 0:00:01]} d6 {[%emt 0:00:00]} 6. exf6 {[%emt 0:00:02]} Nc6 {[%emt 0:00:00]} 7. fxg7 {[%emt 0:00:03]} b6 {[%emt 0:00:00]} 8. gxf8=Q+ {[%emt 0:00:01]} Qxf8 {[%emt 0:00:01]} 9. Nd5 {[%emt 0:00:02]} Bb7 {[%emt 0:00:00]} 10. Nxc7 {[%emt 0:00:01]} Rc8 {[%emt 0:00:01]} 11. Nd5 {[%emt 0:00:02]} e6 {[%emt 0:00:01]} 12. Nf6+ {[%emt 0:00:02]} Kg7 {[%emt 0:00:00]} 13. Ng4 {[%emt 0:00:03]} h5 {[%emt 0:00:00]} 14. Ne3 {[%emt 0:00:03]} Ne7 {[%emt 0:00:00]} 15. Bd3 {[%emt 0:00:02]} Nf5 {[%emt 0:00:01]} 16. O-O {[%emt 0:00:02]} Nxe3 {[%emt 0:00:01]} 17. dxe3 {[%emt 0:00:01]} Qe7 {[%emt 0:00:00]} 18. Nd4 {[%emt 0:00:02]} d5 {[%emt 0:00:00]} 19. Qf3 {[%emt 0:00:02]} Rd8 {[%emt 0:00:03]} 20. Bd2 {[%emt 0:00:02]} e5 {[%emt 0:00:00]} 21. fxe5 {[%emt 0:00:02]} Qxe5 {[%emt 0:00:02]} 22. Qxf7+ {[%emt 0:00:01]} Kh6 {[%emt 0:00:01]} 23. Ne6 {[%emt 0:00:02]} d4 {[%emt 0:00:01]} 24. Rf6 {[%emt 0:00:03]} dxe3 {[%emt 0:00:01]} 25. Qg7# {[%emt 0:00:01] (Lag: Av=0.45s, max=0.6s)} 1-0

[Event "Stay Safe Play From Home 343"]
[Site "Emanuel Lasker Arena"]
[Date "2020.07.30"]
[Round "4"]
[White "NTBT_DHS"]
[Black "Little champs"]
[Result "1-0"]
[WhiteElo "2592"]
[BlackElo "2255"]
[Annotator "TA"]
[PlyCount "61"]
[EventDate "2020.07.30"]
[EventType "swiss (blitz)"]

{[%evp 9,60,4,89,0,2,-8,31,-47,11,-25,42,46,56,52,57,55,41,22,29,25,16,14,43,26,84,34,55,35,60,66,64,62,44,52,129,126,126,114,150,78,148,144,167,79,400,383,647,644,29998,29998,29998,29999,29999]} 1. e4 c5 2. Nf3 d6 3. Nc3 Nc6 4. Bc4 e6 5. O-O g6 (5... Nf6 $11) 6. a3 {B30: Sicilian: 2...Nc6 3 Bb5, lines without ...g6.} (6. d4 $16) 6... Bg7 $11 7. Re1 {[#]} Nf6 $146 ({Predecessor:} 7... a6 8. b4 cxb4 9. axb4 Nxb4 10. Ba3 Nc6 11. d4 Nge7 12. Ne2 b5 13. Bd3 b4 {0-1 (37) Vuilleumier,A (2343)-Silva Lillo,S (2368) France 2007}) 8. b3 (8. d4 $14) 8... Kf8 (8... O-O $15) 9. Bb2 h6 (9... Nxe4 $11 10. Rxe4 d5 {[%mdl 64] Double Attack}) 10. d4 $14 cxd4 11. Nxd4 Ne5 12. Bf1 g5 13. Ndb5 Ne8 $1 14. a4 a6 15. Nd4 Qb6 16. Nce2 Rg8 (16... h5 $11) 17. Bc3 Bd7 18. Qd2 Rc8 19. Ba5 $36 {[%mdl 2048] White fights for an advantage.} Qa7 20. c4 Ng4 21. h3 Ne5 (21... e5 $1 $14) 22. Rad1 $16 Nc6 23. Bc3 Be5 24. Kh1 (24. a5 $142) 24... Bg7 ({Black should try} 24... Nf6) 25. Nxc6 Rxc6 26. Ng3 (26. e5 $18 {is more deadly.}) 26... Nf6 $2 {[%mdl 8192] [#] This costs Black the game.} (26... Bxc3 $16 {is tougher.} 27. Qxc3 Qxf2) 27. e5 $18 dxe5 $2 (27... Ne8 28. Ne4 Rh8) 28. Bxe5 Be8 29. Qb4+ {White mates.} Qc5 30. Qxc5+ {[%mdl 64] [#] Overworked Piece} Rxc5 31. Bd6# {Accuracy: White = 68%, Black = 41%.} 1-0

[Event "Stay Safe Play From Home 343"]
[Site "Emanuel Lasker Arena"]
[Date "2020.07.30"]
[Round "4"]
[White "AChessPlayer"]
[Black "Buzaglo"]
[Result "1-0"]
[WhiteElo "2401"]
[BlackElo "1877"]
[Annotator "TA"]
[PlyCount "49"]
[EventDate "2020.07.30"]
[EventType "swiss (blitz)"]

{[%evp 15,48,41,101,76,93,93,168,157,146,167,160,137,135,81,171,119,198,168,165,162,175,172,264,154,152,-29,120,104,114,113,279,103,137,97,29999]} 1. Nf3 e6 2. g3 d5 3. Bg2 Nf6 4. O-O c5 5. d3 Nc6 6. Nbd2 Bd6 7. e4 dxe4 8. dxe4 e5 (8... O-O $14) 9. Nc4 $16 {C00: French: Unusual White 2nd moves.} Bc7 10. Qxd8+ {[#]} Bxd8 $146 (10... Kxd8 $16 11. Bg5 Ke8) ({Predecessor:} 10... Kxd8 11. Ng5 Ke7 12. f4 h6 13. Nf3 exf4 14. e5 Nd5 15. gxf4 Rd8 16. c3 b5 17. Na3 a6 18. Nc2 Bb6 19. Kh1 Bb7 20. Nd2 Bc8 21. Ne4 Bf5 22. Nd6 Ke6 23. Bxd5+ {1-0 (23) Leon Lopes,S (1873)-Hummel,E Sao Paulo 2019}) 11. Nfxe5 $18 {White is clearly better.} Nxe5 12. Nxe5 O-O 13. Be3 Re8 14. f4 ({White should try} 14. Rfd1) 14... Be7 (14... Bc7 $16 {keeps fighting.}) 15. h3 ({White should play} 15. Rfe1 $18) 15... h6 (15... Bd6 $16 16. Rad1 Bxe5) 16. Nc4 Be6 17. Na5 b6 {[#]} 18. Nc6 $1 {Threatens to win with e5.} Rac8 (18... Bf8 $142 19. Rad1 Bd7) 19. Nxe7+ (19. Nxa7 $18 Ra8 20. Nb5) 19... Rxe7 $16 20. Rad1 $2 (20. Bf2 $16) 20... Bc4 (20... Nxe4 $1 $11 {keeps the balance.} 21. g4 (21. Bxe4 Bxh3 {[%mdl 64] Discovered Attack} 22. Bg2 Bxg2 $15) 21... Bxa2) 21. Rfe1 Nxe4 {[#]} 22. Bxc5 $1 {[%mdl 512]} Rxc5 $2 (22... bxc5 $16 23. Rxe4 Rxe4 24. Bxe4 Bxa2) 23. Rxe4 $2 (23. Rd8+ $18 {and the rest is easy.} Kh7 24. Bxe4+ Rxe4 25. Rxe4) 23... Rxe4 24. Bxe4 {[%cal Rd1d8]} Bxa2 $2 {[%mdl 8192]} (24... Kf8 $16) 25. Rd8# {Accuracy: White = 43%, Black = 22%.} 1-0

[Event "Stay Safe Play From Home 343"]
[Site "Emanuel Lasker Arena"]
[Date "2020.07.30"]
[Round "4"]
[White "Lamborghini"]
[Black "Padmaesh M K"]
[Result "1-0"]
[WhiteElo "2238"]
[BlackElo "1820"]
[Annotator "TA"]
[PlyCount "51"]
[EventDate "2020.07.30"]
[EventType "swiss (blitz)"]

{[%evp 13,50,37,39,35,30,27,39,30,25,9,25,25,31,31,101,-16,29,20,18,25,31,44,56,47,56,-25,0,0,0,0,0,0,11,7,374,48,935,939,29999]} 1. e4 c5 2. Nf3 d6 3. d4 cxd4 4. Nxd4 Nf6 5. Nc3 a6 6. Bg5 e5 7. Bxf6 Qxf6 8. Nd5 {B94: Sicilian Najdorf: 6 Bg5 Nbd7.} Qd8 9. Ne2 Be6 {[#]} 10. Qd2 $146 {White is slightly better.} ({Predecessor:} 10. Nec3 Be7 11. a4 O-O 12. g3 Nd7 13. Bg2 Nf6 14. O-O Rc8 15. a5 Nxd5 16. Nxd5 Bxd5 17. Qxd5 {½-½ (72) Luncasu,R (2161)-Mosnegutu,K (2271) Sarata Monteoru 2011}) 10... Nd7 11. O-O-O Nb6 12. Nec3 Rc8 13. Kb1 Be7 ({Black should try} 13... g6 $14) 14. h4 (14. Nxe7 $16 Kxe7 15. f4) 14... Bxd5 15. Nxd5 Nxd5 16. Qxd5 Qc7 17. Qd2 O-O 18. Bd3 b5 19. h5 ({White should play} 19. g4 $14) 19... Qc5 20. h6 {[#] hxg7 is the strong threat.} g6 21. g3 d5 22. exd5 Qxd5 23. Qe2 $36 {[%mdl 2048] Black must now prevent Bf5! White is more active.} Qd4 $2 {[%mdl 8192] [#]} (23... Qe6 $11 {and Black has nothing to worry.}) 24. Rhe1 $2 (24. Bxg6 $1 $18 {[%mdl 512]} Qc5 (24... fxg6 25. Rxd4) 25. Bf5) 24... Qb4 $2 {[%mdl 8192]} (24... Qc5 $14) 25. Qxe5 $18 {[%csl Gh6][%cal Re5g7]} Bd6 26. Qg7# {Accuracy: White = 61%, Black = 43%.} 1-0

[Event "Stay Safe Play From Home 343"]
[Site "Emanuel Lasker Arena"]
[Date "2020.07.30"]
[Round "4"]
[White "Brinki"]
[Black "Haris kollari 13"]
[Result "1-0"]
[WhiteElo "2092"]
[BlackElo "1659"]
[Annotator "NA"]
[PlyCount "49"]
[EventDate "2020.07.30"]
[EventType "swiss (blitz)"]

1. e4 {[%emt 0:00:02]} e6 {[%emt 0:00:00]} 2. d4 {[%emt 0:00:01]} d5 {[%emt 0:00:00]} 3. Nc3 {[%emt 0:00:00]} Nf6 {[%emt 0:00:02]} 4. Bg5 {[%emt 0:00:01]} Be7 {[%emt 0:00:02]} 5. e5 {[%emt 0:00:00]} Nfd7 {[%emt 0:00:00]} 6. h4 {[%emt 0:00:00]} a6 {[%emt 0:00:01]} 7. Qg4 {[%emt 0:00:02]} Kf8 {[%emt 0:00:01]} 8. O-O-O {[%emt 0:00:01]} c5 {[%emt 0:00:01]} 9. f4 {[%emt 0:00:02]} Nc6 {[%emt 0:00:01]} 10. Nf3 {[%emt 0:00:01]} cxd4 {[%emt 0:00:01]} 11. Ne2 {[%emt 0:00:01]} Qa5 {[%emt 0:00:03]} 12. Kb1 {[%emt 0:00:01]} Nb4 {[%emt 0:00:03]} 13. a3 {[%emt 0:00:01]} Nc6 {[%emt 0:00:02]} 14. Nexd4 {[%emt 0:00:01]} Nxd4 {[%emt 0:00:02]} 15. Nxd4 {[%emt 0:00:00]} Bc5 {[%emt 0:00:03]} 16. Nb3 {[%emt 0:00:04]} Qb6 {[%emt 0:00:02]} 17. Rh3 {[%emt 0:00:00]} h6 {[%emt 0:00:03]} 18. Nxc5 {[%emt 0:00:02]} Nxc5 {[%emt 0:00:03]} 19. Rf3 {[%emt 0:00:02]} hxg5 {[%emt 0:00:01]} 20. fxg5 {[%emt 0:00:00]} Bd7 {[%emt 0:00:01]} 21. g6 {[%emt 0:00:01]} Be8 {[%emt 0:00:02]} 22. gxf7 {[%emt 0:00:01]} Bd7 {[%emt 0:00:02]} 23. Rg3 {[%emt 0:00:08]} Ke7 {[%emt 0:00:14]} 24. Qxg7 {[%emt 0:00:01]} Raf8 {[%emt 0:00:03]} 25. Qf6# {[%emt 0:00:01] (Lag: Av=0.34s, max=0.4s)} 1-0

[Event "Stay Safe Play From Home 343"]
[Site "Emanuel Lasker Arena"]
[Date "2020.07.30"]
[Round "4"]
[White "SoulofWolf"]
[Black "TheCHESSHOUSE"]
[Result "1-0"]
[WhiteElo "2041"]
[BlackElo "2187"]
[Annotator "TA"]
[PlyCount "69"]
[EventDate "2020.07.30"]
[EventType "swiss (blitz)"]

{[%evp 9,68,10,-14,-29,-2,-19,-2,-25,-24,-18,-14,-24,-25,-30,-8,-169,-167,-173,0,0,66,0,70,53,95,-72,-78,-74,15,0,8,-59,-16,-19,88,0,67,-14,574,573,558,573,534,547,677,656,1522,1565,1386,1151,1412,1101,1522,1531,29987,29988,29997,29998,29998,29999,29999]} 1. e4 c5 2. Nc3 d6 3. f4 Nc6 4. Nf3 g6 5. h3 Bg7 6. d3 {B23: Closed Sicilian: Lines without g3.} a6 {[#]} 7. Be3 $146 ({Predecessor:} 7. g4 e6 8. Bg2 Nge7 9. O-O f5 10. Ne2 O-O 11. Ng3 Bd7 12. c3 b5 13. gxf5 exf5 {½-½ (45) Shanava,K (2551)-Rasulov,V (2512) Nakhchivan 2014}) 7... b5 8. Be2 {The position is equal.} Bb7 9. O-O Nf6 10. a3 O-O 11. Qd2 Rc8 12. Nd5 $2 (12. f5 $11) 12... Nxd5 $19 13. exd5 {[#]} Nb8 $2 (13... Nd4 $1 $19 14. Bd1 Bxd5 15. Bxd4 cxd4) 14. c4 $11 Nd7 ({Black should play} 14... e6 $11) 15. Rac1 (15. f5 $14) 15... Nb6 (15... Re8 $11) 16. b3 Qd7 17. Qe1 $2 (17. d4 $16 {stays on course.}) 17... e6 $17 18. dxe6 fxe6 ({Black should try} 18... Qxe6 $17 19. Bf2 Rfe8) 19. Qf2 Qe7 20. Rfd1 ({Better is} 20. d4 $11) 20... Nd7 21. d4 d5 (21... bxc4 $11 22. dxc5 Nxc5 23. Bxc4 Ne4) 22. dxc5 (22. cxb5 $16 c4 23. Bd2 (23. bxc4 dxc4 24. bxa6 Bxa6 $14)) 22... Nxc5 (22... bxc4 $11 23. bxc4 Nxc5) 23. cxd5 (23. Bxc5 $14 Rxc5 24. cxb5 Rxc1 25. Rxc1 axb5 26. Qb6) 23... Bxd5 $2 {[%mdl 8192]} (23... Ne4 $1 $11 24. d6 Qd7) 24. Bxc5 $18 Rxc5 25. Qxc5 Qxc5+ 26. Rxc5 Bxb3 27. Rd7 Bd5 28. Rcc7 Bf6 29. Ng5 h6 30. Nf3 a5 31. Ne5 {Intending Ng4 and mate.} Bxe5 32. fxe5 {White mates.} b4 33. Rg7+ {[%mdl 64] [#] Double Attack} Kh8 34. Rh7+ {[%mdl 64] Double Attack} Kg8 35. Rcg7# {Never resign too early! Accuracy: White = 49%, Black = 43%.} 1-0

[Event "Stay Safe Play From Home 343"]
[Site "Emanuel Lasker Arena"]
[Date "2020.07.30"]
[Round "4"]
[White "Hickey"]
[Black "Stefanone"]
[Result "1-0"]
[WhiteElo "2012"]
[BlackElo "2064"]
[Annotator "TA"]
[PlyCount "129"]
[EventDate "2020.07.30"]
[EventType "swiss (blitz)"]

{[%evp 9,128,44,42,52,45,16,48,33,62,36,122,7,5,14,0,25,101,81,233,230,337,315,417,422,414,359,573,456,764,744,682,522,671,505,482,355,636,592,756,697,687,631,742,756,812,608,562,197,936,897,887,855,912,920,823,727,711,693,868,853,1072,860,2062,1852,1970,839,2064,1652,29970,29971,29961,29959,29957,7318,29990,29986,29986,29964,29987,29986,29988,29989,29991,29991,29992,29993,29993,29994,29994,29994,29994,29995,29995,29996,29996,29994,29994,29995,29997,29996,29998,29998,29998,29996,29998,29999,29999,29998,29998,29997,29997,29996,29996,29997,29997,29998,29998,29998,29998,29999,29999]} 1. Nf3 d5 2. g3 c6 3. Bg2 e6 4. O-O f5 5. d3 Nf6 6. Nbd2 {A07: Réti Opening: New York and Capablanca Systems.} Bc5 7. b3 O-O 8. Bb2 {White is slightly better.} Qe7 {[#]} 9. a3 $146 ({Predecessor:} 9. c4 a5 10. Qc2 Na6 11. a3 Bd7 12. e4 dxe4 13. dxe4 f4 14. e5 Ng4 15. Ne4 fxg3 16. hxg3 {½-½ (53) Vuilleumier,A (2343)-Di Paolo,R (2341) Grenoble 2007}) 9... e5 (9... a5 $14) 10. b4 ({Resist} 10. Bxe5 Bxa3 11. Re1 Nbd7 $14) ({Better is} 10. Nxe5 $16 {White wants to play c4.} Bd6 11. d4) 10... Bd6 $11 11. e4 fxe4 12. dxe4 d4 (12... dxe4 $11 {remains equal.} 13. Ng5 Bg4) 13. Nc4 $36 {[%mdl 2048] Black is under strong pressure.} Be6 $2 {Black cannot hold the game after this.} (13... Bc7 $16) 14. Ncxe5 Bc8 (14... Nfd7 {was worth a try.}) 15. Nd3 {Black must now prevent e5.} Nfd7 16. e5 Bc7 17. Bxd4 Nb6 (17... Rd8 $142 18. Re1 Bb6) 18. Re1 Nd5 (18... Na6 $142 19. Nc5 Re8 20. Nxa6 bxa6) 19. c4 $18 Nb6 20. Qc2 Re8 21. Bc5 Qf7 22. Rac1 Qg6 $2 (22... Bf5 23. Nh4 Bxd3 24. Qxd3 N8d7 25. Bxb6 Bxb6) 23. Bd6 Na6 24. c5 Nd5 25. Rcd1 Bxd6 26. exd6 Bd7 27. Rxe8+ Rxe8 {[#]} 28. Nfe5 $2 (28. b5 $1 Nb8 (28... cxb5 29. Qb3) 29. Qb3) 28... Qe6 $2 (28... Rxe5 29. Qb3 Re8) 29. Bxd5 cxd5 30. Re1 Nb8 31. Nxd7 Qxd7 32. Rxe8+ Qxe8 33. Nf4 Qe1+ 34. Kg2 Qe8 35. Qf5 Nd7 36. Qxd5+ {[%mdl 64] [#] Double Attack} Qf7 37. Qe4 Nb8 38. Nd5 Nc6 39. Ne7+ Kf8 40. Nxc6 bxc6 41. Qxc6 {[%mdl 4096] Endgame KQ-KQ} h6 42. Qa8+ {White mates.} Qe8 43. Qxe8+ Kxe8 {KP-KP} 44. c6 Kd8 45. Kf3 a5 46. Ke4 a4 47. Kd5 h5 48. b5 g5 49. h4 Kc8 50. hxg5 Kd8 51. g6 Ke8 52. g7 {[%cal Rg7g8]} Kf7 53. c7 Kf6 54. c8=Q Kg5 55. Qd7 h4 56. Qe7+ Kf5 57. g8=Q {[%csl Ge7][%cal Rg8g5]} hxg3 58. Qgf7+ Kg4 59. Qef8 Kh3 60. Q8g8 {[%csl Gf2][%cal Rg8g3]} Kg2 61. Qxg3+ Kf1 62. Qff3 {[%cal Rf3d1]} Ke1 63. Qe3+ Kd1 64. Qg1+ Kc2 65. Qgc1# {Accuracy: White = 64%, Black = 12%.} 1-0